Assassins of… Sudden Death! - Statistics

General Stats
  • This quiz has been taken 6,491 times
  • The average score is 6 of 12
Answers on the Grid
Answers color-coded by a green-red scale on the quiz's grid according to % correct below.
Arthur Conan Doyle
Charles J. Guiteau
Charlotte Corday
François Ravaillac
Gavrilo Princip
Ivan Ivan
James Earl Ray
John Wilkes Booth
Lady Jane Grey
Lee Harvey Oswald
Leon Czolgosz
Marcus Junius Brutus
Mark David Chapman
Marquis de Lafayette
Nathuram Godse
Samuel Beckett
Sirhan Sirhan
Thomas Aquinas
 
Answer Stats
Answer % Correct
President John F. Kennedy Lee Harvey Oswald
86%
President Abraham Lincoln John Wilkes Booth
81%
Julius Caesar Marcus Junius Brutus
54%
Archduke Franz Ferdinand Gavrilo Princip
53%
John Lennon Mark David Chapman
49%
Martin Luther King Jr. James Earl Ray
47%
Robert Kennedy Sirhan Sirhan
47%
President James Garfield Charles J. Guiteau
36%
President William McKinley Leon Czolgosz
34%
Henry IV François Ravaillac
29%
Jean Paul Marat Charlotte Corday
23%
Mahatma Gandhi Nathuram Godse
21%
No matching quizzes found
Score Distribution
Percent of People with Each Score
Percentile by Number Answered
Your Score History
You have not taken this quiz